000 00395nam a2200157Ia 4500
003 OSt
005 20230605114320.0
008 211028s2011 xx 000 0 und d
040 _cAIMIT LIBRARY
041 _aeng
100 _aPandith, Laxmi K; Hemalatha, N.
_98284
_e091917
110 _aHemalatha N
_98285
245 _aFinancial inclusion.
260 _aMangalore
_c2011
942 _2ddc
_cPRO
999 _c219811
_d219811